| 000 | 00959cab a2200265 4500 | ||
|---|---|---|---|
| 001 | 0 ABS68454 | ||
| 008 | 041124n2004 000 0 eng u | ||
| 035 | _a(Sirsi) u128101 | ||
| 100 | _aNorman, C. | ||
| 245 | _aScottish planning policy: opencast coal | ||
| 260 | _c2004 | ||
| 490 |
_aScottish Planning and Environmental Law _v(105) October 2004, 111-113(3) |
||
| 520 | _aOutlines the Scottish Executive's draft national planning policy for the working of opencast coal and minerals, such as clay for brickmaking. Consultation on proposals closes on 3 December 2004. The consultation paper may be viewed at www.scotland.gov.uk. | ||
| 590 | _aABS | ||
| 650 | _aSCOTLAND | ||
| 650 | _aOPENCAST COAL MINING | ||
| 650 | _aMINERALS EXTRACTION | ||
| 650 | _aOPENCAST COAL | ||
| 650 | _aNPPG16 | ||
| 650 | _aPLANNING APPLICATIONS | ||
| 650 | _aLOCAL COMMUNITIES | ||
| 650 | _aENVIRONMENT ISSUES | ||
| 690 | _aMINING AND MINERALS | ||
| 942 | _n0 | ||
| 999 |
_c74622 _d74622 |
||